| 000 | 02232 a2200229 4500 | ||
|---|---|---|---|
| 001 | 28398 | ||
| 005 | 20260407155555.0 | ||
| 008 | 260407a1972 arg spa d | ||
| 003 | AR-UNSa-BCEJYS | ||
| 040 |
_aAR-UNSa-BCEJYS _bspa _cAR-UNSa-BCEJYS |
||
| 080 |
_a657 _xContabilidad |
||
| 245 | 1 | 0 | _aContabilidad básica |
| 264 | 1 |
_aMéxico : _bCECSA (Compañia Editorial Continental) _c1972 |
|
| 300 |
_a720 p. _c23 cm. |
||
| 505 | _a1.Contabilidad, medición y comunicación - 2. La cuenta, el mayor, la balanza de comprobación - 3. El diario general, traspasos, cierre - 4. Contabilidad mercantil - 5. Trasnacciones continuaso no terminadas - 6. Transacciones continuas, hoja de trabajo - 8. Procesamiento de datos para control, documentos y procedimientos, informes - 9. Instrumentos negociables: Pagarés y letra de cambio - 10. Impuestos sobre sueldos y otros - 11. Determinación y valuación de la utilidad, ilustración de sumarios períodicos - 12. Cuentas de control y libros mayores auxiliares: Libros diarios especiales - 13. Diarios y registros especiales; impuesto sobre ventas - 14. El sistema de pólizas - 15. Efectivo y previsiones para efectivo - 16. Las sociedades anónimas - 17. Sociedades aónimas - 18. Sociedades anónimas - 19. Bonos de sociedades anónimas - 20. Propietario unico, sociedades en nombre colectivo - 21. Sociedades(conclusión) - 22. Pérdidas y cuentas de créditos por cobrar, inversiones e ingresops por inversiones - 23. Inventarios y costos de ventas - 24. Activos fijos, depreciación y amortización - 25. Contabilidad de ventas por departamentos y sucursales - 26. Contabilidad de costos de fabricación - 27. Contabilidad de costos: Inventarios perpetuos - 28.Utilización de los datos contables en las decisiones empresariales: Análisis de estados financieros - 29. Utlización de los datos contables en las decisiones gerenciales: Análisis de los estados financiero(conclusión)- 30. Empleo de los datos contables en las decisiones gerenciales: análisi y presupuestos incrementales. | ||
| 942 | _cBK | ||
| 590 | _aniveau_biblio:m niveau_hierar:0 | ||
| 100 | 1 | _aHolmes, Arthur W. | |
| 700 | 1 | _aMaynard, Gilbert P. | |
| 700 | 1 | _aEdwards, James Don | |
| 700 | 1 | _aMeier, Robert | |
| 999 |
_c1707 _d1707 |
||